00417nam a2200145Ia 4500008004100000082001500041100001700056245005800073250000800131260003200139300001100171500002600182650001200208700005100220230524s9999 xx 000 0 und d a401.6bDAS aBikram K.Das 3aAn introduction to Professional English & Soft Skills aIST aNEW DELHIbFoundationc2009 aXI;440 aQuantity Number: 410 aEnglish a" Kalyani Samantray,R.Nayak,S.Pani,S.Mohanty,"